000
00272pab a2200121 454500
008
180718b xxu||||| |||| 00| 0 eng d
100
_a
Ranade Sudhanshu
245
_a
Are women better off?
362
_a
8 Jul 1994, p.8
650
_a
Women
773
_a
Hindu
909
_a
27680
999
_c
27680
_d
27680